000 00806nam a2200253 a 4500
999 _c1749
_d1749
007 ta
008 200117t2000 xxua|||f |||| 001 0 eng d
020 _a9780821347218
040 _aKO
_beng
041 0 _aeng
044 _axxu
082 0 4 _223
_a388
_bEs81
245 1 0 _aPrivatization and Regulation of transport Infrastructure :
_bGuidelines for Policymakers and Regulators /
_cEdited by Antonio Estache and Gines de Rus
260 _aWashington , D. C. :
_bThe World Bank ,
_c2000 .
300 _axi , 316 p. :
_bill., Charts. ;
_c24 cm.
490 0 _aWBI Development Studies ;
504 _aIncludes Index.
650 0 _aInfrastructure (Economics)
_xGovernment
_vTextbooks
700 _a Estache, Antonio
_eedt
700 _aDe Rus, Gines
_eedt
904 _aReshma_R
942 _cRT